|
|
|
|
| LEADER |
01735cas a2200265 a 4500 |
| 001 |
AALejournalIMF006534 |
| 008 |
230101c9999 xx r poo 0 0eng d |
| 020 |
|
|
|c 5.00 USD
|
| 020 |
|
|
|z 9781455201259
|
| 022 |
|
|
|a 1018-5941
|
| 040 |
|
|
|a BD-DhAAL
|c BD-DhAAL
|
| 100 |
1 |
|
|a Yi, Kei-Mu.
|
| 245 |
1 |
0 |
|a Demand Spillovers and the Collapse of Trade in the Global Recession /
|c Kei-Mu Yi, Rudolfs Bems, Robert Johnson.
|
| 264 |
|
1 |
|a Washington, D.C. :
|b International Monetary Fund,
|c 2010.
|
| 300 |
|
|
|a 1 online resource (45 pages)
|
| 490 |
1 |
|
|a IMF Working Papers
|
| 500 |
|
|
|a <strong>Off-Campus Access:</strong> No User ID or Password Required
|
| 500 |
|
|
|a <strong>On-Campus Access:</strong> No User ID or Password Required
|
| 506 |
|
|
|a Electronic access restricted to authorized BRAC University faculty, staff and students
|
| 520 |
3 |
|
|a This paper uses a global input-output framework to quantify US and EU demand spillovers and the elasticity of world trade to GDP during the global recession of 2008-2009. We find that 20-30 percent of the decline in the US and EU demand was borne by foreign countries, with NAFTA, Emerging Europe, and Asia hit hardest. Allowing demand to change in all countries simultaneously, our framework delivers an elasticity of world trade to GDP of nearly 3. Thus, demand alone can account for 70 percent of the trade collapse. Large changes in demand for durables play an important role in driving these results.
|
| 538 |
|
|
|a Mode of access: Internet
|
| 700 |
1 |
|
|a Bems, Rudolfs.
|
| 700 |
1 |
|
|a Johnson, Robert.
|
| 830 |
|
0 |
|a IMF Working Papers; Working Paper ;
|v No. 2010/142
|
| 856 |
4 |
0 |
|z Full text available on IMF
|u http://elibrary.imf.org/view/journals/001/2010/142/001.2010.issue-142-en.xml
|z IMF e-Library
|